| 000 | 01107cam a22002655a 4500 | ||
|---|---|---|---|
| 001 | L157907 | ||
| 008 | 130129s2013 xxk f 000 0 eng d | ||
| 020 | _a9781848063341 | ||
| 035 | _a(Sirsi) u157907 | ||
| 041 | 0 | _aeng | |
| 100 | 1 | _aDoran, Daniel | |
| 245 | 0 | 0 |
_aAdvances in construction life cycle _bassessment through building information modeling |
| 260 |
_aWatford _bBRE _c2013 |
||
| 300 |
_a12p. _bill. _c30cm. |
||
| 490 | 0 |
_aBRE Information Paper _v(8/13) |
|
| 520 | _aFocuses on the environmental aspects of IMPACT: a method designed for buiding-level life cycle assessment (LCA) and life cycle costing. It begins by introducing the IMPACT project and LCA from the perspective of a building designer. This is followed by a review of the key themes and advantages of building-level LCA including BIM, building-level comparison and integration into the BREEAM. | ||
| 521 | _aAdvanced | ||
| 590 | _aKA | ||
| 650 | 2 | 4 | _aLIFE CYCLE ASSESSMENT |
| 650 | 2 | 4 | _aLIFE CYCLE COSTING |
| 650 | 2 | 4 |
_aBIM _96219 |
| 651 | 4 | _aENGLAND AND WALES | |
| 690 |
_aConstruction management _96230 |
||
| 942 | _n0 | ||
| 999 |
_c115023 _d115023 |
||